Automatizácia inžinierskych úloh : Príklady z programovania výpočtov kovových konštrukcií
Guardado en:
| Autores principales: | , |
|---|---|
| Formato: | Libro |
| Lenguaje: | eslovaco |
| Publicado: |
Bratislava :
SVŠT v Bratislave,
1985
|
| Etiquetas: |
Sin Etiquetas, Sea el primero en etiquetar este registro!
|
MARC
| LEADER | 00000nam a22000003a 4500 | ||
|---|---|---|---|
| 001 | stu89452 | ||
| 005 | 20150617225622.9 | ||
| 008 | 040803s1985----cs------------------slo-d | ||
| 040 | |a STU |b slo | ||
| 041 | 0 | |a slo | |
| 044 | |a cs | ||
| 080 | |a 624.011.1(075.8) | ||
| 080 | |a 004.42 | ||
| 100 | 1 | |a Draškovič, Ferdinand, |d 1943- |4 aut |u V190 |U SvF Stavebná fakulta |T SvF Katedra kovových a drevených konštrukcií |X 4057 |U V190 |Y 21 |7 A000004057 | |
| 245 | 1 | |a Automatizácia inžinierskych úloh : |b Príklady z programovania výpočtov kovových konštrukcií | |
| 260 | |a Bratislava : |b SVŠT v Bratislave, |c 1985 | ||
| 300 | |a 230 s | ||
| 700 | 1 | |a Baláž, Ivan, |d 1948- |4 aut |u V190 |U SvF Stavebná fakulta |T SvF Katedra kovových a drevených konštrukcií |X 1009 |U V190 |Y 21 |7 A000001009 | |
| 996 | |b 284V023728 |c V*29849/O-11933 |l VVT |s A |a 24 |w stu89452_0001 | ||